5 Seconds of Summer (5SOS) - Boyband - All lyrics - Statistics

General Stats
  • This quiz has been taken 122 times
  • The average score is 297 of 347
Answer Stats
Answer % Correct
I
100%
a
99%
I'm
98%
I’m
98%
(I'm
98%
(I’m
98%
me,
98%
me
98%
Boy
97%
(Boy,
97%
boy,
97%
boy)
97%
(Boy)
97%
(Boy),
97%
in
97%
it
97%
you
97%
you,
97%
your
97%
boyband,
95%
(Boyband)
95%
boyband
95%
the
95%
that
94%
That
94%
boyfriend
92%
dance
92%
favourite
92%
favourite)
92%
(Favourite),
92%
it's
92%
It’s
92%
Make
92%
make
92%
monkey
92%
imaginary
91%
When
91%
when
91%
Hahaha
90%
Hahahahaha
90%
ever
89%
every
89%
Give
89%
give
89%
metal
89%
and
88%
heads,
88%
everything
86%
Irritates
86%
on
86%
see
86%
See
86%
want
85%
hands,
84%
hands
84%
love
84%
Love
84%
clap
83%
Let
83%
we
82%
you're
81%
turn
80%
look
78%
looking
78%
never,
78%
never
78%
of
78%
feel
77%
at
76%
skinny
75%
time
75%
oh
73%
but
72%
week
72%
my
70%
telly
70%
only
69%
Same
69%
same,
69%
Take
69%
age
68%
alive
68%
four
67%
chords,
66%
Stay
66%
get
65%
flavour
64%
photograph
64%
feels
63%
Now
63%
bubblegum
61%
dead
61%
gone,
61%
lick
61%
wrong
61%
young,
61%
pop
60%
punk
60%
stardust
60%
to
59%
bury
58%
till
58%
Raised
57%
tongue
56%
with
52%
gave
50%
wet
50%
what
50%
city,
49%
was
47%
fucking
43%
King
40%
river
40%
us,
39%
amazing
35%
awesome,
30%
come
18%
check
17%
really
17%
had
8%
admit,
5%
No matching quizzes found
Score Distribution
Percent of People with Each Score
Percentile by Number Answered
Your Score History
You have not taken this quiz